|
|
|
|
| LEADER |
00000nab a2200000 a 4500 |
| 001 |
vtls000554000 |
| 003 |
SK-MaSNL |
| 005 |
20260304093439.0 |
| 008 |
250425c1995 xo 0 slo |
| 015 |
|
|
|a SNBRB19rr/mm-uuuuu
|
| 035 |
|
|
|a CL0554138
|
| 035 |
|
|
|a urn:nbn:sk:snk-ab22hn
|
| 035 |
|
|
|a (urnnbn)urn:nbn:sk:snk:ar-a01g8i
|
| 035 |
|
|
|a (uuid)7d755b64-9372-4535-8999-f70ccedcdeb7
|
| 040 |
|
|
|a SNKBUCL
|b slo
|c SNKBUCL
|e AACR2
|
| 041 |
0 |
|
|a slo
|
| 044 |
|
|
|a xo
|c SK
|
| 080 |
|
|
|a 782/785:786/789
|2 1981
|
| 080 |
|
|
|a 786/789
|2 1981
|
| 080 |
|
|
|a 378.124:78
|2 1981
|
| 080 |
|
|
|a 378.18
|2 1981
|
| 100 |
1 |
|
|a Jurík, Marián,
|d 1933-1999
|4 aut
|9 114076
|
| 245 |
1 |
0 |
|a Musica Academica
|c Marián Jurík
|
| 300 |
|
|
|b Fotogr. 1
|
| 650 |
0 |
7 |
|a Musica Academica (nahrávka CD)
|2 snkbucl
|9 1388537
|
| 655 |
|
7 |
|a články z novín a časopisov
|2 snkbucl
|9 267496
|
| 773 |
0 |
|
|t Hudobný život '95
|g Roč. 27, č. 14-15 (1995), s. 9
|
| 850 |
|
|
|a Slovenská národná knižnica
|
| 852 |
|
|
|a Slovenská národná knižnica
|
| 954 |
|
|
|a odborná, vedecká literatúra pôvodná (slovenská)
|2 lita
|
| 958 |
|
|
|a article27
|
| 958 |
|
|
|a OND
|
| 958 |
|
|
|a RK
|
| 958 |
|
|
|a SK
|
| 958 |
|
|
|a EUIPO
|
| 992 |
|
|
|a RBX
|
| 999 |
|
|
|c 2823187
|d 2825117
|